000 00579nam a22002297a 4500
003 UA-OsUOA
001 62495
007 ta
008 20090831b un ||||| |||| 00| 0 ukr d
100 _aМахновець Л.
090 _a929
_bМ36
942 _cBK
040 _aUA-OsUOA
_bukr
_cUA-OsUOA
_dUA-OsUOA
245 _aГригорій Сковорода
_bБіографія
300 _a254 с.
955 _a2
041 _aukr
080 _a929
260 _aК.
_c1972
650 7 _a9 Географія. Біографії. Історія
_2UDC
999 _c348584
_d348584